Wild Europe Άγρια Ευρώπη : άγνωστη ήπειρος.
"Ταξιδέψτε εκατομμύρια χρόνια πίσω στο χρόνο και ζήστε τα δραματικά γεγονότα που διαμόρφωσαν τη ζωή και τα τοπία στην Ευρωπαίκή ήπειρο". - Περίληψη από τη θήκη....
Αποθηκεύτηκε σε:
| Μορφή: | |
|---|---|
| Γλώσσα: | English Greek |
| Δημοσίευση: |
[S.l.] : Αθήνα :
BBC, Audiovisual Enterprises [Εταιρεία διανομής],
c2007.
|
| Σειρά: | Natural history
|
| Θέματα: | |
| Ετικέτες: |
Προσθήκη ετικέτας
Δεν υπάρχουν, Καταχωρήστε ετικέτα πρώτοι!
|
MARC
| LEADER | 00000cgm a2200000 i 4500 | ||
|---|---|---|---|
| 001 | 1/19629 | ||
| 008 | 120516s2007####xx ||| | || ||eng|| | ||
| 035 | |l 10112499 | ||
| 040 | |a GR-MY-UA |b gre |e aacr | ||
| 041 | 0 | |a eng |a gre |j gre | |
| 082 | 0 | |a 508.4 |2 (22) | |
| 245 | 1 | 0 | |a Wild Europe |h [μαγνητοσκόπηση] = |b Άγρια Ευρώπη : άγνωστη ήπειρος. |
| 246 | 1 | |i Παράλληλος τίτλος: |a Άγρια Ευρώπη |h [μαγνητοσκόπηση] : |b άγνωστη ήπειρος | |
| 260 | |a [S.l.] : |a Αθήνα : |b BBC, |b Audiovisual Enterprises [Εταιρεία διανομής], |c c2007. | ||
| 300 | |a 2 βιντεοδίσκοι (196 λεπτ.) : |b ομίλ., έγχρ. ; |c 4 3/4 ίν. | ||
| 490 | 1 | |a Natural history | |
| 500 | |a Κυκλοφόρησε πρώτη φορά ως σειρά του BBC το 1996. | ||
| 508 | |a Παραγωγή: Ian Gray, Mary Coldwell, παραγωγός σειράς: Patrick Morris, Klaus Feichtenberger, εκτέλεση παραγωγής: Walter Koehler, Neil Nightingale. | ||
| 520 | |a "Ταξιδέψτε εκατομμύρια χρόνια πίσω στο χρόνο και ζήστε τα δραματικά γεγονότα που διαμόρφωσαν τη ζωή και τα τοπία στην Ευρωπαίκή ήπειρο". - Περίληψη από τη θήκη. | ||
| 650 | 0 | 0 | |a Natural history |z Europe. |
| 830 | 0 | |a Natural history | |
| 852 | |a INST |b SYROS |c AV |e 20120516 |h 508.4 WIL |p 005500010294 |q 005500010294 |t DVD |y 23 |z disc.1 | ||
| 852 | |a INST |b SYROS |c AV |e 20120516 |h 508.4 WIL |p 005500010295 |q 005500010295 |t DVD |y 23 |z disc.2 | ||
| 852 | |a INST |b SYROS |c AV |e 20120516 |h 508.4 WIL |p 005500010294 |q 005500010294 |t DVD |v disc.1: |y 23 |z disc.1 | ||
| 852 | |a INST |b SYROS |c AV |e 20120516 |h 508.4 WIL |p 005500010295 |q 005500010295 |t DVD |v disc.2: |y 23 |z disc.2 | ||
| 853 | |a INST |b SYROS |c AV |h 508.4 WIL | ||
| 901 | |a BIBL5-2008-1 | ||
| 909 | |a Ε |b 173880 | ||
| 909 | |a Ε |b 173881 | ||
| 922 | |a 5ΕΛΗ |b 200709 |c ΒΙΒΛΙΟΘΗΚΗ ΣΥΡΟΥ |d ANACO | ||
| 970 | |a ΚΟΝΤΟΥ |b ΠΑΡΑΣΚΕΥΗ |z 2012/05/16 | ||